01420nam a22002657a 4500003000900000008004100009040007100050082002500121110005500146245006800201260003200269300002900301440006600330505047100396650001700867650002000884650002900904650002500933650002600958650002300984700002801007700002701035700003701062710005501099AR-CdUCM190425b ||||| |||| 00| 0 spa d aMUNICIPALIDAD PROVINCIAL DEL CUSCOcBIBLIOTECA MUNICIPAL DEL CUSCO aRev.Univ/N°113/1957 aUniversidad Nacional de San Antonio Abad del Cusco aRevista Universitaria :bÓrgano de la Universidad del Cuzco / aCusco :bH.G. Rozas,c1957. a407 páginas. :c20 cm. aRevista UniversitarianAño XLVI, 2° semestre 1957, N°113. aContenido: Comunidades vegetales de Abancay y sus alrededores. Cesar Vargas. -- Las lluvias en el valle del Cuzco. Luis Olaso. -- Relaciones de trabajo entre el patrón y los colonos en los fundos de la provincia de Paucartambo. Gustavo Palacio. -- Valoración del arte cuzqueño. Domingo Velasco. -- Una planta que se ´propaga por estacas del fruto. Felipe Marín. -- Apuntes para la historia de os monumentos coloniales del Cuzco. Jesús Manuel Covarrubias. aArte popular aArte cusqueño aLatifundismo Paucartambo aMonumentos del Cusco aArquitectura colonial aTemplos coloniales aVelasco Astete, Domingo aMarín Moreno, Felipe aCovarrubias Pozo, Jesús Manuel aUniversidad Nacional de San Antonio Abad del Cusco